Valuation of Non-Equity Instruments of Current Eurozone Banking Sector
Článok prezentuje analýzu vplyvu zvýšenia úrokových sadzieb o oceňovaní vlastných zdrojov a oprávnených záväzkov pri kontrole úrokového rizika v bankovej knihe (IRRBB). Dokument bol pripravený v rámci analýzy dôvernosti EBA, pričom ponechal všetky citlivé trhové informácie, osobné údaje alebo iné dô...
Saved in:
| Main Author: | |
|---|---|
| Format: | Book Chapter |
| Language: | English |
| Subjects: | |
| Tags: |
No Tags, Be the first to tag this record!
|
MARC
| LEADER | 00000naa$a2200000$$$4500 | ||
|---|---|---|---|
| 001 | 0299018 | ||
| 005 | 20240502074535.8 | ||
| 041 | 0 | |a eng | |
| 044 | |a SK | ||
| 245 | 1 | 0 | |a Valuation of Non-Equity Instruments of Current Eurozone Banking Sector |c David Horváth |
| 520 | |a Článok prezentuje analýzu vplyvu zvýšenia úrokových sadzieb o oceňovaní vlastných zdrojov a oprávnených záväzkov pri kontrole úrokového rizika v bankovej knihe (IRRBB). Dokument bol pripravený v rámci analýzy dôvernosti EBA, pričom ponechal všetky citlivé trhové informácie, osobné údaje alebo iné dôverné informácie. Cieľom tohto príspevku je prezentovať zhodnotenie súčasnej bankovej regulácie a trhových výziev s cieľom zaviesť pro futuro odporúčania založené na spoločnej právnej a ekonomickej analýze. | ||
| 610 | 2 | 0 | |a oceňovanie |
| 610 | 2 | 0 | |a bankovníctvo |
| 610 | 2 | 0 | |a eurozóna |
| 100 | 1 | |a Horváth, David, 1992- | |